|
|
|
|
| LEADER |
00000nab a2200000 a 4500 |
| 001 |
vtls000197305 |
| 003 |
SK-MaSNL |
| 005 |
20260304121059.0 |
| 008 |
160204c1983 xo 0 slo |
| 015 |
|
|
|a SNBRA19rr/mm-uuuuu
|
| 035 |
|
|
|a CL0207418
|
| 040 |
|
|
|a SNKBUCL
|b slo
|c SNKBUCL
|e AACR2
|
| 041 |
0 |
|
|a slo
|
| 044 |
|
|
|a xo
|c SK
|
| 080 |
|
|
|a 804.0+808.54:82.035
|2 1981
|
| 080 |
|
|
|a 808.54
|2 1981
|
| 080 |
|
|
|a 82.035
|2 1981
|
| 100 |
1 |
|
|a Sekvent, Karel
|4 aut
|9 5290
|
| 245 |
1 |
0 |
|a Jazyková problematika reedícií prekladov z francúzštiny
|c Karel Sekvent
|
| 300 |
|
|
|b Res. rus., franc., lit. 17 zázn. v slov., češ.
|
| 650 |
0 |
7 |
|a francúzština
|2 snkbucl
|9 1355
|
| 650 |
0 |
7 |
|a slovenčina
|2 snkbucl
|9 1350
|
| 650 |
0 |
7 |
|a preklad
|2 snkbucl
|9 25315
|
| 655 |
|
7 |
|a články zo zborníkov
|2 snkbucl
|9 166140
|
| 773 |
0 |
|
|t Acta Facultatis philosophicae Universitatis Šafarikanae
|d Bratislava : SPN, 1983
|g S. 163-177
|
| 850 |
|
|
|a Slovenská národná knižnica v Martine
|a MTA001
|
| 852 |
|
|
|a SNK
|b KIS3GCP
|
| 958 |
|
|
|a NB
|
| 958 |
|
|
|a RK
|
| 992 |
|
|
|a RZB
|
| 999 |
|
|
|c 2883339
|d 2885269
|